Стадийность, микромеханизмы разрушения и трещиностойкость высокопрочной конструкционной стали ВКС-2; Новые материалы. Создание, структура, свойства-2009

التفاصيل البيبلوغرافية
Parent link:Новые материалы. Создание, структура, свойства-2009.— 2009.— С. 45-49
المؤلف الرئيسي: Нюхалкина А. В.
مؤلفون آخرون: Деревягина Л. С., Гордиенко А. И. Антонина Ильдаровна
اللغة:الروسية
منشور في: 2009
الموضوعات:
التنسيق: فصل الكتاب
KOHA link:https://koha.lib.tpu.ru/cgi-bin/koha/opac-detail.pl?biblionumber=194700

MARC

LEADER 00000naa2a2200000 4500
001 194700
005 20240131144318.0
035 |a (RuTPU)RU\TPU\book\212367 
090 |a 194700 
100 |a 20110421d2009 k y0rusy50 ca 
101 0 |a rus 
102 |a RU 
200 1 |a Стадийность, микромеханизмы разрушения и трещиностойкость высокопрочной конструкционной стали ВКС-2  |f А. В. Нюхалкина, Л. С. Деревягина, А. И. Гордиенко 
320 |a Библиогр.: 6 назв. 
463 0 |0 (RuTPU)RU\TPU\book\72093  |t Новые материалы. Создание, структура, свойства-2009  |o всероссийская конференция с элементами научной школы для молодежи, Томск, 8-11 сентября 2009 г.  |o труды   |f Томский политехнический университет (ТПУ)  |v С. 45-49  |d 2009  |p 308 с. 
610 1 |a разрушение 
610 1 |a трещиностойкость 
610 1 |a высокопрочные стали 
610 1 |a сталь ВКС-12 
610 1 |a труды учёных ТПУ 
700 1 |a Нюхалкина  |b А. В. 
701 1 |a Деревягина  |b Л. С. 
701 1 |a Гордиенко  |b А. И.  |c специалист в области материаловедения  |c доцент Томского политехнического университета, кандидат технических наук  |f 1982-  |g Антонина Ильдаровна  |3 (RuTPU)RU\TPU\pers\46860  |9 22482 
801 1 |a RU  |b 63413507  |c 20110421 
801 2 |a RU  |b 63413507  |c 20210521  |g RCR 
942 |c BK